[Event "Niedersachsen-ch op-B"]
[Site "Verden"]
[Date "2012.01.05"]
[Round "7"]
[White "Weczerek, Dieter"]
[Black "Vlassenko, Viktor"]
[Result "0-1"]
[WhiteElo "1843"]
[BlackElo "1716"]
[PlyCount "44"]
[EventDate "2012.01.02"]
[EventType "swiss"]
[EventRounds "7"]
[EventCountry "GER"]
[SourceTitle "EXT 2021"]
[Source "ChessBase"]
[SourceDate "2020.10.23"]
[SourceVersion "1"]
[SourceVersionDate "2020.10.23"]
[SourceQuality "1"]

1. e4 d6 2. Nc3 e5 3. Nf3 Nf6 4. Bc4 h6 5. d4 exd4 6. Nxd4 Bg4 7. f3 Bh5 8. Nde2 Nc6 9. Be3 Be7 10. Qd2 a6 11. a4 Nd7 12. 0-0 b5 13. Bd5 Ndb8 14. Bxc6+ Nxc6 15. Qd5 Ne5 16. Bd4 c6 17. Qa2 f6 18. Bxe5 fxe5 19. Ng3 Bf7 20. Qb1 b4 21. Nce2 b3 22. cxb3 Bxb3 0-1

[Event "Niedersachsen-ch op-B"]
[Site "Verden"]
[Date "2012.01.02"]
[Round "2"]
[White "Ueltzen, Horst"]
[Black "Vlassenko, Viktor"]
[Result "0-1"]
[WhiteElo "1137"]
[BlackElo "1716"]
[PlyCount "61"]
[EventDate "2012.01.02"]
[EventType "swiss"]
[EventRounds "7"]
[EventCountry "GER"]
[SourceTitle "EXT 2021"]
[Source "ChessBase"]
[SourceDate "2020.10.23"]
[SourceVersion "1"]
[SourceVersionDate "2020.10.23"]
[SourceQuality "1"]

1. c4 d6 2. e3 e5 3. d3 f5 4. Be2 Nf6 5. Nf3 Be7 6. Bd2 0-0 7. Nc3 c6 8. 0-0 Na6 9. a3 Nc5 10. b4 Ne6 11. e4 Nd4 12. Nxd4 exd4 13. Na4 fxe4 14. c5 d5 15. Bg5 Bf5 16. Nb2 h6 17. Bxf6 Bxf6 18. Rc1 Bg5 19. Rc2 e3 20. fxe3 Bxe3+ 21. Kh1 Qh4 22. Qe1 Qg5 23. Bf3 Qg6 24. Qe2 Rae8 25. Bh5 Qg5 26. Bxe8 Rxe8 27. Nd1 Qg6 28. Nb2 Bg5 29. Qf3 Re3 30. Qxf5 Qxf5 31. Rcf2 0-1

[Event "Niedersachsen-ch Seniors 42th"]
[Site "Sottrum"]
[Date "2008.04.17"]
[Round "8"]
[White "Montag, Gottfried"]
[Black "Vlassenko, Viktor"]
[Result "1-0"]
[WhiteElo "1560"]
[BlackElo "1506"]
[PlyCount "70"]
[EventDate "2008.04.10"]
[EventType "swiss"]
[EventRounds "9"]
[EventCountry "GER"]
[SourceTitle "EXT 2022"]
[Source "ChessBase"]
[SourceDate "2021.10.06"]
[SourceVersion "1"]
[SourceVersionDate "2021.10.06"]
[SourceQuality "1"]

1. e4 e5 2. Nf3 Nc6 3. Bb5 d6 4. 0-0 Bd7 5. c3 Nf6 6. Qe2 a6 7. Ba4 Ne7 8. Bxd7+ Qxd7 9. d4 exd4 10. cxd4 0-0-0 11. Nc3 g6 12. Re1 Bg7 13. Be3 Ng4 14. Bf4 f6 15. e5 d5 16. Rac1 g5 17. e6 Qe8 18. Bg3 Nc6 19. h3 Nh6 20. Na4 Nf5 21. Bh2 Nd6 22. Nc5 Nb8 23. e7 Rd7 24. Nxd7 Qxd7 25. Bxd6 Nc6 26. Bc5 Re8 27. Qe6 g4 28. Qxd7+ Kxd7 29. Nh4 gxh3 30. Nf5 Bh8 31. gxh3 b6 32. Ba3 b5 33. Bc5 a5 34. Kh2 b4 35. b3 h5 1-0

[Event "Niedersachsen-ch Seniors 42th"]
[Site "Sottrum"]
[Date "2008.04.12"]
[Round "3"]
[White "Vlassenko, Viktor"]
[Black "Piehl, Reinhard"]
[Result "1/2-1/2"]
[WhiteElo "1506"]
[BlackElo "1747"]
[PlyCount "50"]
[EventDate "2008.04.10"]
[EventType "swiss"]
[EventRounds "9"]
[EventCountry "GER"]
[SourceTitle "EXT 2022"]
[Source "ChessBase"]
[SourceDate "2021.10.06"]
[SourceVersion "1"]
[SourceVersionDate "2021.10.06"]
[SourceQuality "1"]

1. e4 c5 2. Nc3 d6 3. f4 g6 4. Nf3 Bg7 5. Bc4 Nc6 6. 0-0 Nh6 7. h3 e6 8. d3 0-0 9. Bd2 a6 10. a3 b5 11. Ba2 Bb7 12. Rb1 Rc8 13. Qc1 Nd4 14. Nxd4 cxd4 15. Ne2 Qh4 16. f5 gxf5 17. Bg5 Qh5 18. Ng3 Qg6 19. h4 Be5 20. exf5 Nxf5 21. h5 Qg7 22. Rxf5 exf5 23. Nxf5 Rxc2 24. Nxg7 Rxc1+ 25. Rxc1 Kxg7 1/2-1/2

[Event "Niedersachsen-ch Seniors 41st"]
[Site "Sottrum"]
[Date "2007.03.26"]
[Round "5"]
[White "Vlassenko, Viktor"]
[Black "Polikeit, Hanns Peter"]
[Result "1-0"]
[WhiteElo "1432"]
[BlackElo "1366"]
[PlyCount "37"]
[EventDate "2007.03.22"]
[EventType "swiss"]
[EventRounds "9"]
[EventCountry "GER"]
[SourceTitle "EXT 2022"]
[Source "ChessBase"]
[SourceDate "2021.10.06"]
[SourceVersion "1"]
[SourceVersionDate "2021.10.06"]
[SourceQuality "1"]

1. e4 c6 2. d4 d5 3. e5 Bf5 4. Nc3 e6 5. Nf3 h6 6. a3 Ne7 7. h3 Nd7 8. b4 b5 9. Be2 Nb6 10. a4 bxa4 11. Nxa4 Nec8 12. Nc5 Be7 13. b5 Qc7 14. c3 0-0 15. Ba3 cxb5 16. Bxb5 Bxc5 17. Bxc5 Qb7 18. Bxf8 Kxf8 19. 0-0 1-0

[Event "Niedersachsen-ch Seniors 41st"]
[Site "Sottrum"]
[Date "2007.03.24"]
[Round "3"]
[White "Vlassenko, Viktor"]
[Black "Hentzschel, Erhard"]
[Result "0-1"]
[WhiteElo "1432"]
[BlackElo "1761"]
[PlyCount "72"]
[EventDate "2007.03.22"]
[EventType "swiss"]
[EventRounds "9"]
[EventCountry "GER"]
[SourceTitle "EXT 2022"]
[Source "ChessBase"]
[SourceDate "2021.10.06"]
[SourceVersion "1"]
[SourceVersionDate "2021.10.06"]
[SourceQuality "1"]

1. e4 e5 2. Bc4 Nf6 3. d3 c6 4. Nf3 d6 5. Nc3 Be7 6. h3 0-0 7. Be3 b5 8. Bb3 Bb7 9. Ne2 Qc7 10. Ng3 d5 11. exd5 cxd5 12. Nf5 Nc6 13. 0-0 Rad8 14. Re1 a5 15. a4 b4 16. Bg5 e4 17. Nh2 Qe5 18. Nxe7+ Nxe7 19. Bxf6 Qxf6 20. Rb1 Ng6 21. Ng4 Qh4 22. Qd2 Kh8 23. dxe4 dxe4 24. Qe3 f5 25. Nh2 f4 26. Qb6 Ba8 27. Rbd1 Rxd1 28. Rxd1 f3 29. Qd6 e3 30. fxe3 fxg2 31. Qd2 Qxh3 32. Bd5 Bxd5 33. Qxd5 Qxe3+ 34. Kxg2 Nf4+ 35. Kh1 Nxd5 36. Rxd5 Qe4+ 0-1